<?xml version="1.0" encoding="UTF-8"?>
<collection xmlns="http://www.loc.gov/MARC21/slim">
 <record>
  <leader>02086nam0a2200313   4500</leader>
  <controlfield tag="001">in00000002576</controlfield>
  <controlfield tag="005">20230111181653.4</controlfield>
  <datafield tag="010" ind1=" " ind2=" ">
   <subfield code="a">978-7-300-28465-1</subfield>
   <subfield code="d">CNY79.00</subfield>
  </datafield>
  <datafield tag="035" ind1=" " ind2=" ">
   <subfield code="a">01001632</subfield>
  </datafield>
  <datafield tag="100" ind1=" " ind2=" ">
   <subfield code="a">20201116d2020    em y0chiy50      ea</subfield>
  </datafield>
  <datafield tag="101" ind1="1" ind2=" ">
   <subfield code="a">chi</subfield>
   <subfield code="c">eng</subfield>
  </datafield>
  <datafield tag="102" ind1=" " ind2=" ">
   <subfield code="a">CN</subfield>
   <subfield code="b">110000</subfield>
  </datafield>
  <datafield tag="105" ind1=" " ind2=" ">
   <subfield code="a">y   z   000yy</subfield>
  </datafield>
  <datafield tag="106" ind1=" " ind2=" ">
   <subfield code="a">r</subfield>
  </datafield>
  <datafield tag="200" ind1="1" ind2=" ">
   <subfield code="a">大学高效学习法</subfield>
   <subfield code="9">da xue gao xiao xue xi fa</subfield>
   <subfield code="d">The study skills book</subfield>
   <subfield code="f">(英)凯瑟琳·麦克米兰(Kethleen McMillan),(英)乔纳森·魏尔斯(Jonathan Weyers)著</subfield>
   <subfield code="g">孙诗慧译</subfield>
   <subfield code="z">eng</subfield>
  </datafield>
  <datafield tag="210" ind1=" " ind2=" ">
   <subfield code="a">北京</subfield>
   <subfield code="c">中国人民大学出版社</subfield>
   <subfield code="d">2020</subfield>
  </datafield>
  <datafield tag="215" ind1=" " ind2=" ">
   <subfield code="a">304页</subfield>
   <subfield code="d">23cm</subfield>
  </datafield>
  <datafield tag="305" ind1=" " ind2=" ">
   <subfield code="a">据原书第3版译出</subfield>
  </datafield>
  <datafield tag="305" ind1=" " ind2=" ">
   <subfield code="a">中文简体字版由培生教育出版公司授权中国人民大学出版社在中华人民共和国境内出版发行</subfield>
  </datafield>
  <datafield tag="314" ind1=" " ind2=" ">
   <subfield code="a">凯瑟琳·麦克米兰,在英国邓迪大学的学习中心工作。</subfield>
  </datafield>
  <datafield tag="314" ind1=" " ind2=" ">
   <subfield code="a">乔纳森·魏尔斯,在英国邓迪大学的学术事务处工作。</subfield>
  </datafield>
  <datafield tag="330" ind1=" " ind2=" ">
   <subfield code="a">本书是一本关于帮助新来的(包括不是很熟悉大学生活的)学生获得和发展大学需要他们的技能、属性和知识的技能书。本书时间跨度为整个大学时期:从新生入学时候做的一系列决策,到期末考试、毕业答辩,再到求职就业。书中将对多个话题展开简明扼要的讨论,让你能够尽可能容易地找到和消化相关内容。为上大学做准备;适应大学的社交生活;提高课堂效率;提高学术写作水平;撰写毕业论文和研究报告;顺利通过学业考试;未来职业规划。这一版经过全面的修订和更新,加入了经过学生广泛测试和改进的最新指南,以帮助你集中精力,解决问题并在大学中取得成功。</subfield>
  </datafield>
  <datafield tag="510" ind1="1" ind2=" ">
   <subfield code="a">Study skills book</subfield>
   <subfield code="z">eng</subfield>
  </datafield>
  <datafield tag="606" ind1="0" ind2=" ">
   <subfield code="a">大学生</subfield>
   <subfield code="x">学习方法</subfield>
  </datafield>
  <datafield tag="690" ind1=" " ind2=" ">
   <subfield code="a">G642.46</subfield>
   <subfield code="v">5</subfield>
  </datafield>
  <datafield tag="701" ind1=" " ind2="0">
   <subfield code="c">(英)</subfield>
   <subfield code="a">麦克米兰</subfield>
   <subfield code="9">mai ke mi lan</subfield>
   <subfield code="c">(McMillan, Kethleen)</subfield>
   <subfield code="4">著</subfield>
  </datafield>
  <datafield tag="701" ind1=" " ind2="0">
   <subfield code="c">(英)</subfield>
   <subfield code="a">魏尔斯</subfield>
   <subfield code="9">wei er si</subfield>
   <subfield code="c">(Weyers, Jonathan)</subfield>
   <subfield code="4">著</subfield>
  </datafield>
  <datafield tag="702" ind1=" " ind2="0">
   <subfield code="a">孙诗慧</subfield>
   <subfield code="9">sun shi hui</subfield>
   <subfield code="4">译</subfield>
  </datafield>
  <datafield tag="999" ind1="f" ind2="f">
   <subfield code="s">a4376812-058c-48dd-afd5-9cd1f871218d</subfield>
   <subfield code="i">f837fc95-a880-4ac5-ad18-a4d373085285</subfield>
  </datafield>
 </record>
</collection>
